000 00573nam a2200181Ia 4500
008 090630s9999 xx 000 0 und d
082 _b18976
100 _aकणेकर शिरिष.
245 _aइरसालकी.
_cकणेकर शिरिष.
260 _bश्रीकल्प - मुंबई.
_c2000
300 _a200
600 _aकणेकर शिरिष.
630 _aइरसालकी.
655 _aलघुकथा.
700 _aकणेकर शिरिष.
730 _aइरसालकी.
942 _cBOOK
999 _c270832
_d270832